Gerechtfertigt aus Glauben: Luthers Frage an die Kirche

Saved in:
Bibliografiske detaljer
Hovedforfatter: Pesch, Otto Hermann (Author)
Format: Bog
Sprog:tysk
Udgivet: Friburgo de Brisgovia Herder 1982
Udgivelse:1a. ed
Serier:Quaestiones Disputatae, 97
Fag:
Tags: Tilføj Tag
Ingen Tags, Vær først til at tagge denne postø!

MARC

LEADER 00000cam a2200000 a 4500
001 UCE8073
003 CL-VaPUC
008 150728e19820000gw |||||||||||||||||ger|d
020 |a 3451020971 
082 0 4 |a 284.1  |b PES  |2 21 
100 0 |a Pesch, Otto Hermann  |e author  |9 580759 
245 1 0 |a Gerechtfertigt aus Glauben: Luthers Frage an die Kirche 
250 |a 1a. ed 
300 |a 144 p 
942 |c BK 
945 |d 20150728 02:04:00  |a dcastane 
260 |a Friburgo de Brisgovia  |b Herder  |c 1982 
500 |a v.97: Gerechtfertigt aus Glauben 
650 7 |a IGLESIA LUTERANA  |2 CL-VaPUC  |9 580760 
650 0 |a Protestantismo  |9 317293 
650 0 |a Creencias religiosas   |9 373391 
583 |a last modification  |c 20150821 12:56:42  |k Rodrigo Vera 
490 0 |a Quaestiones Disputatae, 97 
999 |c 360023  |d 360021 
952 |0 0  |1 0  |3 erb  |4 0  |6 284_100000000000000_PES_1982  |7 0  |8 A  |9 469649  |a BIBTEO  |b BIBTEO  |e Casale Rolle, Carlos Ignacio, -2014  |i 5184797  |o 284.1 PES 1982  |p 5184797  |r 2024-01-18  |w 2019-11-23  |y BK  |z Catalogado en:20150728  |k ICR